Business communication: Effective business english and correspondence (Record no. 99601)
[ view plain ]
| 000 -LEADER | |
|---|---|
| fixed length control field | 00586nam a2200217Ia 4500 |
| 003 - CONTROL NUMBER IDENTIFIER | |
| control field | OSt |
| 005 - DATE AND TIME OF LATEST TRANSACTION | |
| control field | 20220509155635.0 |
| 008 - FIXED-LENGTH DATA ELEMENTS--GENERAL INFORMATION | |
| fixed length control field | 210210b1995 xxu||||| |||| 00| 0 eng d |
| 040 ## - CATALOGING SOURCE | |
| Original cataloging agency | AL |
| Transcribing agency | |
| 041 ## - LANGUAGE CODE | |
| Language code of text/sound track or separate title | English |
| 082 ## - DEWEY DECIMAL CLASSIFICATION NUMBER | |
| Classification number | 651.7 RAMB |
| 100 ## - MAIN ENTRY--PERSONAL NAME | |
| Personal name | RAMESH (M S) |
| 9 (RLIN) | 35154 |
| 245 ## - TITLE STATEMENT | |
| Title | Business communication: Effective business english and correspondence |
| 250 ## - EDITION STATEMENT | |
| Edition statement | 17 |
| 260 ## - PUBLICATION, DISTRIBUTION, ETC. | |
| Place of publication, distribution, etc. | New Delhi. |
| Name of publisher, distributor, etc. | R Chand & Co., |
| Date of publication, distribution, etc. | 1995 |
| 300 ## - PHYSICAL DESCRIPTION | |
| Extent | viii,614 |
| 650 ## - SUBJECT ADDED ENTRY--TOPICAL TERM | |
| Topical term or geographic name entry element | Business Communication, English |
| 9 (RLIN) | 35155 |
| 700 ## - ADDED ENTRY--PERSONAL NAME | |
| Personal name | PATTANSHETTI (C C). |
| 9 (RLIN) | 35157 |
| 906 ## - LOCAL DATA ELEMENT F, LDF (RLIN) | |
| a | 051235 |
| 942 ## - ADDED ENTRY ELEMENTS (KOHA) | |
| Source of classification or shelving scheme | Dewey Decimal Classification |
| Koha item type | Book |
| Withdrawn status | Lost status | Damaged status | Not for loan | Collection code | Home library | Current library | Shelving location | Date acquired | Source of acquisition | Cost, normal purchase price | Total Checkouts | Full call number | Barcode | Date last seen | Price effective from | Koha item type |
|---|---|---|---|---|---|---|---|---|---|---|---|---|---|---|---|---|
| St Aloysius Library | St Aloysius Library | 02/17/2021 | Canara Book Bureau, Mangalore-02. | 80.00 | 651.7 RAMB | 051235 | 02/17/2021 | 02/17/2021 | Book | |||||||
| St Aloysius Library | St Aloysius Library | 02/17/2021 | Canara Book Bureau, Mangalore-02. | 80.00 | 651.7 RAMB | 051236 | 02/17/2021 | 02/17/2021 | Book | |||||||
| St Aloysius Library | St Aloysius Library | 02/17/2021 | Canara Book Bureau, Mangalore-02. | 80.00 | 651.7 RAMB | 052280 | 02/17/2021 | 02/17/2021 | Book | |||||||
| St Aloysius Library | St Aloysius Library | 08/01/1998 | Canara Book Bureau, Mangalore. | 100.00 | 651.7 RAMB | D01456 | 07/19/2021 | 07/19/2021 | Donated Books | |||||||
| St Aloysius Library | St Aloysius Library | 08/01/1998 | Canara Book Bureau, Mangalore. | 90.00 | 651.7 RAMB | D01457 | 07/19/2021 | 07/19/2021 | Donated Books |